000 00296nam a22001337a 4500
008 170622b xxu||||| |||| 00| 0 eng d
020 _a9780801861970
041 _aeng
080 _a32
100 _a20
101 _aSHP
245 _aMULTILATERAL NEGOTIATIONS
_cHAMPSON, F.O
942 _2udc
_cBK
999 _c18746
_d18746